Prieskum a záchrana hisorickej rukopisnej knihy

Gespeichert in:
Bibliographische Detailangaben
1. Verfasser: Bránická, Zuzana (Verfasst von)
Weitere Verfasser: Gál, Lukáš (Betreuung Doktorarbeit)
Format: Manuskript Buch
Sprache:Slowakisch
Veröffentlicht: 2021
Schlagworte:
Online-Zugang:http://is.stuba.sk/zp/portal_zp.pl?podrobnosti=141893
Tags: Tag hinzufügen
Keine Tags, Fügen Sie das erste Tag hinzu!

MARC

LEADER 00000ntm a22000003a 4500
001 stuzp84981
003 SK-STU
005 20210626211953.1
007 ta
008 150427s2015----xo-----f-mn---000-0-slo-d
040 |a STU  |b slo 
041 0 |a slo 
100 1 |a Bránická, Zuzana  |u 049160  |4 aut  |U FCHPT Ústav prírodných a syntetických polymérov  |T FCHPT Oddelenie polygrafie a aplikovanej fotochémie  |X 91911  |U C9160  |Y 127  |7 91911 
242 0 1 |a Survey of historical handwriting book  |y eng 
245 1 0 |a Prieskum a záchrana hisorickej rukopisnej knihy 
260 |c 2021 
650 4 |a železogalové atramenty  |2 slo 
650 4 |a XRF  |2 slo 
650 4 |a kniha  |2 slo 
650 4 |a papier  |2 slo 
650 4 |a kožená väzba  |2 slo 
650 4 |a book  |2 eng 
650 4 |a paper  |2 eng 
650 4 |a leather binding  |2 eng 
650 4 |a iron-gall inks  |2 eng 
650 4 |a XRF  |2 eng 
700 1 |a Gál, Lukáš  |u 049160  |k Z2  |4 ths  |U FCHPT Ústav prírodných a syntetických polymérov  |T FCHPT Oddelenie polygrafie a aplikovanej fotochémie  |X 22039  |U C9160  |Y 127  |7 A000022039 
856 4 |u http://is.stuba.sk/zp/portal_zp.pl?podrobnosti=141893